Sociedad y política en la Roma republicana. siglos III-I a.C
I tiakina i:
| Kaituhi matua: | |
|---|---|
| Ētahi atu kaituhi: | |
| Hōputu: | Pukapuka |
| Reo: | Pāniora |
| I whakaputaina: |
Pisa
Pacini
2000
|
| Rangatū: | Collana Percorsi, 11
|
| Ngā marau: | |
| Ngā Tūtohu: |
Tāpirihia he Tūtohu
Kāore He Tūtohu, Me noho koe te mea tuatahi ki te tūtohu i tēnei pūkete!
|
MARC
| LEADER | 00000cam a2200000 a 4500 | ||
|---|---|---|---|
| 001 | UCM0761 | ||
| 003 | CL-VaPUC | ||
| 008 | 020308e20000000IT |||||||||||||||||spa|d | ||
| 082 | 0 | 4 | |a 937.02 |b GAB |2 21 |
| 100 | |a Gabba, Emilio |e author |9 593092 | ||
| 700 | |a Laffi, Umberto |e autor |9 621597 | ||
| 245 | 1 | 0 | |a Sociedad y política en la Roma republicana. siglos III-I a.C |
| 300 | |a 334 p | ||
| 942 | |c BK | ||
| 945 | |d 20020308 00:00:00 |a cmena | ||
| 260 | |a Pisa |b Pacini |c 2000 | ||
| 650 | 0 | |a Historia romana |9 322973 | |
| 650 | 0 | |a Imperio Romano |9 322785 | |
| 650 | 7 | |a HISTORIA POLITICA ROMANA |2 CL-VaPUC |9 467733 | |
| 650 | 7 | |a ESTRUCTURA SOCIAL ROMANA |2 CL-VaPUC |9 467734 | |
| 650 | 7 | |a HISTORIA ROMANA SIGLO III - I A.C |2 CL-VaPUC |9 467735 | |
| 583 | |a last modification |c 20170609 03:39:05 |k Rodrigo Vera | ||
| 490 | 0 | |a Collana Percorsi, 11 | |
| 999 | |c 299593 |d 299591 | ||
| 952 | |0 0 |1 0 |4 0 |6 937_020000000000000_GAB_2000 |7 0 |8 A |9 356301 |a BIBHIS |b BIBHIS |d 2019-11-21 |i 3795632 |l 1 |o 937.02 GAB 2000 |p 3795632 |r 2025-01-20 |s 2022-11-15 |w 2019-11-21 |y BK |k MHI | ||
| 952 | |0 0 |1 0 |4 0 |6 937_020000000000000_GAB_2000 |7 0 |8 A |9 356302 |a BIBHIS |b BIBHIS |d 2019-11-21 |i 3795640 |o 937.02 GAB 2000 |p 3795640 |r 2025-01-20 |w 2019-11-21 |y BK |k MHI | ||
| 952 | |0 0 |1 0 |4 0 |6 937_020000000000000_GAB_2000 |7 0 |8 A |9 356303 |a BIBHIS |b BIBHIS |d 2019-11-21 |i 3795659 |o 937.02 GAB 2000 |p 3795659 |r 2025-01-20 |w 2019-11-21 |y BK |k MHI | ||
| 952 | |0 0 |1 0 |4 0 |6 937_020000000000000_GAB_2000 |7 0 |8 A |9 356304 |a BIBHIS |b BIBHIS |d 2019-11-21 |i 3795667 |l 1 |o 937.02 GAB 2000 |p 3795667 |r 2025-01-20 |s 2023-09-20 |w 2019-11-21 |y BK |k MHI | ||
| 952 | |0 0 |1 0 |4 0 |6 937_020000000000000_GAB_2000 |7 0 |8 A |9 356305 |a BIBHIS |b BIBHIS |d 2019-11-21 |i 3795675 |o 937.02 GAB 2000 |p 3795675 |r 2025-01-20 |w 2019-11-21 |y BK |k MHI | ||
| 952 | |0 0 |1 0 |3 erd |4 0 |6 937_020000000000000_GAB_2000 |7 0 |8 A |9 356306 |a FDOLAF |b FDOLAF |e Laffi, Umberto, 1939- |i 5396085 |o 937.02 GAB 2000 |p 5396085 |r 2024-01-30 |w 2019-11-21 |y BK |z Catalogado en:20170609 |k LAF | ||
| 952 | |0 0 |1 0 |3 erd |4 0 |6 937_020000000000000_GAB_2000 |7 0 |8 A |9 356307 |a FDOLAF |b FDOLAF |e Laffi, Umberto, 1939- |i 5396077 |o 937.02 GAB 2000 |p 5396077 |r 2024-01-30 |w 2019-11-21 |y BK |z Catalogado en:20170609 |k LAF | ||
| 952 | |0 0 |1 0 |3 erd |4 0 |6 937_020000000000000_GAB_2000 |7 0 |8 A |9 356308 |a FDOLAF |b FDOLAF |e Laffi, Umberto, 1939- |i 5396069 |o 937.02 GAB 2000 |p 5396069 |r 2024-01-30 |w 2019-11-21 |y BK |z Catalogado en:20170609 |k LAF | ||
| 952 | |0 0 |1 0 |3 erd |4 0 |6 937_020000000000000_GAB_2000 |7 0 |8 A |9 356309 |a FDOLAF |b FDOLAF |e Laffi, Umberto, 1939- |i 5396050 |o 937.02 GAB 2000 |p 5396050 |r 2024-01-30 |w 2019-11-21 |y BK |z Catalogado en:20170609 |k LAF | ||
| 952 | |0 0 |1 0 |3 erd |4 0 |6 937_020000000000000_GAB_2000 |7 0 |8 A |9 356310 |a FDOLAF |b FDOLAF |e Laffi, Umberto, 1939- |i 5396042 |o 937.02 GAB 2000 |p 5396042 |r 2024-01-30 |w 2019-11-21 |y BK |z Catalogado en:20170609 |k LAF | ||
| 952 | |0 0 |1 0 |3 erd |4 0 |6 937_020000000000000_GAB_2000 |7 0 |8 A |9 356311 |a FDOLAF |b BIBHIS |e Laffi, Umberto, 1939- |i 540293K |l 2 |o 937.02 GAB 2000 |p 540293K |r 2024-01-30 |s 2023-10-20 |w 2019-11-21 |y BK |z Catalogado en:20170630 |k LAF | ||
| 952 | |0 0 |1 0 |3 erd |4 0 |6 937_020000000000000_GAB_2000 |7 0 |8 A |9 356312 |a FDOLAF |b FDOLAF |e Laffi, Umberto, 1939- |i 5402948 |o 937.02 GAB 2000 |p 5402948 |r 2024-01-30 |w 2019-11-21 |y BK |z Catalogado en:20170630 |k LAF | ||
| 952 | |0 0 |1 0 |3 erd |4 0 |6 937_020000000000000_GAB_2000 |7 0 |8 A |9 356313 |a FDOLAF |b FDOLAF |e Laffi, Umberto, 1939- |i 5402956 |o 937.02 GAB 2000 |p 5402956 |r 2024-01-30 |w 2019-11-21 |y BK |z Catalogado en:20170630 |k LAF | ||
| 952 | |0 0 |1 0 |3 erd |4 0 |6 937_020000000000000_GAB_2000 |7 0 |8 A |9 356314 |a FDOLAF |b FDOLAF |e Laffi, Umberto, 1939- |i 5402964 |o 937.02 GAB 2000 |p 5402964 |r 2024-01-30 |w 2019-11-21 |y BK |z Catalogado en:20170630 |k LAF | ||
| 952 | |0 0 |1 0 |3 erd |4 0 |6 937_020000000000000_GAB_2000 |7 0 |8 A |9 356315 |a FDOLAF |b FDOLAF |e Laffi, Umberto, 1939- |i 5402972 |o 937.02 GAB 2000 |p 5402972 |r 2024-01-30 |w 2019-11-21 |y BK |z Catalogado en:20170630 |k LAF | ||